Most Popular PC Games - Statistics

General Stats
  • This quiz has been taken 53 times
  • The average score is 2 of 15
Answer Stats
Release Date PC/Computer Game % Correct
6-6-2005 Grand Theft Auto: San Andreas
65%
11-13-2012 Call of Duty: Black Ops 2
63%
5-15-2012 Diablo 3
22%
10-30-2012 Need For Speed Most Wanted
16%
11-15-2005 Need For Speed: Most Wanted
16%
7-27-2010 StarCraft 2: Wings of Liberty
16%
12-4-2012 Far Cry 3
8%
12-31-2014 Borderlands 2: Captain Scarlett And Her Pirates Booty
4%
12-20-2011 Star Wars: The Old Republic
4%
8-28-2012 Guild Wars 2
2%
12-31-2014 MechWarrior Online
2%
9-6-2011 Driver: San Fransisco
0%
12-31-2014 Dust 514
0%
12-31-2014 Primal Carnage
0%
2-6-2006 Tony Hawk's American Wasteland
0%
No matching quizzes found
Score Distribution
Percent of People with Each Score
Percentile by Number Answered
Your Score History
You have not taken this quiz